000 00624nam a22002177a 4500
001 00028758
005 20260413102333.0
008 260413b ag ||||| |||| 00| 0 spa d
020 _a9789870416623
040 _aAR-CcCEOS
_bspa
_cAR-CcCEOS
041 _aspa
080 _a801
090 _bLEN v.6
245 _aLa enciclopedia del estudiante :
_bLengua I
250 _a1ª ed.
260 _aBuenos Aires :
_bAguilar,
_c2011.
300 _av. 6, 320 p. ;
_c28x20 cm.
490 _vLa enciclopedia del estudiante ; 6
655 0 _aenciclopedias
_vmaterial auxiliar para la enseñanza
_91047
942 _2udc
_cBK
_n0
999 _c28793
_d28793